Говорим по-русски без переводчика: интенсивный курс по развитию навыков устной речи: учебное пособие

Dettagli Bibliografici
Altri autori: Крючкова Л. С. (редактор), Дунаева Л. А.
Riassunto:Пособие представляет собой интенсивный курс по развитию навыков устной речи. Обучение строится на отработке речевых ситуаций в условиях, приближенных к естественным. Тексты диалогов сопровождаются лексико-грамматическими заданиями, активизирующими речевые навыки учащихся. Предназначено для иностранных учащихся, владеющих русским языком в объеме базового уровня и желающих в короткие сроки повторить пройденный материал и подготовиться к погружению в языковую среду.
Lingua:russo
Pubblicazione: Москва, Флинта, 2006
Edizione:4-е изд., испр.
Serie:Русский язык как иностранный
Soggetti:
Natura: Libro
KOHA link:https://koha.lib.tpu.ru/cgi-bin/koha/opac-detail.pl?biblionumber=83476

MARC

LEADER 00000nam0a2200000 4500
001 83476
005 20231031100215.0
010 |a 589349413X 
010 |a 5-02-002922-X 
035 |a (RuTPU)RU\TPU\book\89743 
090 |a 83476 
100 |a 20051017d2006 m y0rusy50 ca 
101 0 |a rus 
102 |a RU 
105 |a y j 000zy 
200 1 |a Говорим по-русски без переводчика: интенсивный курс по развитию навыков устной речи  |e учебное пособие  |f под ред. Л. С. Крючковой; Л. А. Дунаевой 
205 |a 4-е изд., испр. 
210 |a Москва  |c Флинта  |c Наука  |d 2006 
215 |a 175 с. 
225 1 |a Русский язык как иностранный 
330 |a Пособие представляет собой интенсивный курс по развитию навыков устной речи. Обучение строится на отработке речевых ситуаций в условиях, приближенных к естественным. Тексты диалогов сопровождаются лексико-грамматическими заданиями, активизирующими речевые навыки учащихся. Предназначено для иностранных учащихся, владеющих русским языком в объеме базового уровня и желающих в короткие сроки повторить пройденный материал и подготовиться к погружению в языковую среду. 
451 1 |0 (RuTPU)RU\TPU\book\120692  |y 5-89349-413-X  |t Говорим по-русски без переводчика: интенсивный курс по развитию навыков устной речи  |o учебное пособие  |f под ред. Л. С. Крючковой; Л. А. Дунаевой  |e 5-е изд., испр.  |c М.  |n Флинта  |n Наука  |d 2006  |p 175 с. 
451 1 |0 (RuTPU)RU\TPU\book\43815  |y 5-02-002922-X  |t Говорим по- русски без переводчика  |o Интенсивный курс по развитию навыков устной речи  |o учебное пособие  |f Л. С. Крючкова, Л. А. Дунаева, Н. Н. Левшина и др.  |c М.  |n Флинта  |d 2002  |p 176 с.  |s Русский язык как иностранный 
451 |y 5-89349-413-X 
451 |y 5-02-002922-X 
610 1 |a русский язык 
610 1 |a русский язык как иностранный 
610 1 |a устная речь 
610 1 |a разговорная речь 
610 1 |a лексика 
610 1 |a грамматика 
610 1 |a учебные пособия 
610 1 |a русский для иностранцев 
686 |a Ш141.2-96  |v LBC/SL-A  |2 rubbk 
702 1 |a Крючкова  |b Л. С.  |4 340 
702 1 |a Дунаева  |b Л. А.  |4 340 
801 1 |a RU  |b 63413507  |c 20051017  |g PSBO 
801 2 |a RU  |b 63413507  |c 20201208  |g PSBO 
900 |a Русский язык 
942 |c BK 
951 |b 031200 
959 |a 70/20050908  |d 1  |e 0  |f ЧЗИЛ:1